000 00475nam a2200193Ia 4500
005 20240823043049.0
008 240823s9999||||xx |||||||||||||| ||und||
020 _a0-07-053483-7
041 _aENGLISH
082 _A519 P3
100 _aVeerarajan T
245 0 _aEngineering Mathematics
250 _a2nd
260 _c2003
_b"Tata McGraw Hill,New Delhi"
500 _aTRANSFERED
650 _aEngineering Mathematics
_bMathematics
942 _cBK
999 _c209339
_d209339